| 000 | 00332nam a2200133Ia 4500 | ||
|---|---|---|---|
| 005 | 20251222142029.0 | ||
| 008 | 251222s9999||||xx |||||||||||||| ||spa|| | ||
| 020 | _a978-603-45011-1-9 | ||
| 082 | _a869.57/N82 | ||
| 100 | _aNorabuena Figueroa, Edgar | ||
| 245 | 0 | _aEl Huayco que te ha de Llevar | |
| 264 | _bOrnitonco | ||
| 942 | _cLIB | ||
| 999 |
_c10899 _d10899 |
||